Namādhij min al-falsafah al-siyāsīyah / (Record no. 45548)

MARC details
000 -LEADER
fixed length control field 00681cam a22002171a 4500
001 - CONTROL NUMBER
control field ne 63000281
003 - CONTROL NUMBER IDENTIFIER
control field DLC
005 - DATE AND TIME OF LATEST TRANSACTION
control field 20260227111741.0
008 - FIXED-LENGTH DATA ELEMENTS--GENERAL INFORMATION
fixed length control field 890517s1961 ua b 000 0 arar
010 ## - LIBRARY OF CONGRESS CONTROL NUMBER
LC control number ne 63000281
035 ## - SYSTEM CONTROL NUMBER
System control number (OCoLC)23508219
040 ## - CATALOGING SOURCE
Original cataloging agency DLC
Transcribing agency MiU
Modifying agency InU
-- DLC
042 ## - AUTHENTICATION CODE
Authentication code premarc
050 00 - LIBRARY OF CONGRESS CALL NUMBER
Classification number JC273
Item number .S55
100 1# - MAIN ENTRY--PERSONAL NAME
Personal name Shinīṭī, Muḥammad Fatḥī.
245 10 - TITLE STATEMENT
Title Namādhij min al-falsafah al-siyāsīyah /
Statement of responsibility, etc. taʼlīf Muḥammad Fatḥī al-Shinīṭī.
260 ## - PUBLICATION, DISTRIBUTION, ETC.
Place of publication, distribution, etc. [Cairo] :
Name of publisher, distributor, etc. Maktabat al-Qāhirah al-Ḥadt̄hah,
Date of publication, distribution, etc. [1961]
300 ## - PHYSICAL DESCRIPTION
Extent 211 p. ;
Dimensions 21 cm.
504 ## - BIBLIOGRAPHY, ETC. NOTE
Bibliography, etc. note Includes bibliographical references (p. [201]-205).
650 #0 - SUBJECT ADDED ENTRY--TOPICAL TERM
Topical term or geographic name entry element State, The

No items available.

Powered by Koha